The Junior Eurovision Song Contest Quiz - Statistics

General Stats
  • This quiz has been taken 125 times
  • The average score is 11 of 15
Answer Stats
Hint Answer % Correct
How many times has Malta hosted Junior Eurovision? 2
95%
As of 2021, how many times has France participated in Junior Eurovision? 4
91%
Which country has won Junior Eurovision the most times? Georgia
91%
How many hosts were there for Junior Eurovision 2015? 1
89%
How many times has the United Kingdom participated in Junior Eurovision? 3
89%
What was the name of Viki Gabor's winning song in 2019? Superhero
89%
True or false - Cyprus has won Junior Eurovision False
87%
How many countries participated in Junior Eurovision 2018? 20
86%
Which country won the first Junior Eurovision Song Contest? Croatia
84%
In which year was online voting brought in to the contest? 2017
76%
As of 2021, which country has achieved the highest score in Junior Eurovision? Poland
71%
Which country has participated in every single Junior Eurovision Song Contest? The Netherlands
71%
In 2016, which set of Irish twins were on the expert jury panel? Jedward
44%
In which country was the 2006 contest held? Romania
35%
Which Eurovision singer co-hosted Junior Eurovision 2009? Ani Lorak
19%
No matching quizzes found
Score Distribution
Percent of People with Each Score
Percentile by Number Answered
Your Score History
You have not taken this quiz